000 00302nam a22001337a 4500
008 250422b |||||||| |||| 00| 0 eng d
020 _a75103477
050 _aJK 1029
_b.G66
100 _aGoodwin George JR
245 _aThe little legislatures
260 _aUSA
_c1970
300 _a284p.
942 _cBK
999 _c3083
_d3083